000 00328nam a22001337a 4500
008 180126b xxu||||| |||| 00| 0 eng d
020 _a9780984949922
041 _aeng
080 _a574
100 _a9
101 _aMJE
245 _aConservation outcomes from pastureland and hayland practice
_cNelson,C.J
942 _2udc
_cBK
999 _c40998
_d40998